| 000 | 00695nam a2200217Ia 4500 | ||
|---|---|---|---|
| 003 | GCL | ||
| 008 | 140319s9999 xx 000 0 ara d | ||
| 040 |
_aGCL / _cGCL |
||
| 082 | 0 | 4 |
_a338.9 _bغ ج |
| 100 | 1 | _aغسان بدرالدين | |
| 245 | 1 | 0 |
_aجدلية التخلف والتنمية / _cغسان بدرالدين |
| 260 |
_a[S.N] : _bالمؤسسة الجامعية للدراسات والنشر والتوزيع ، _c1993 |
||
| 300 | _a221 ص | ||
| 490 | _a | ||
| 650 | 0 | 4 | _aالعالم العربى |
| 650 | 0 | 4 | _aالاقتصاد |
| 650 | 0 | 4 | _aالتنمية الاقتصادية |
| 650 | 0 | 4 | _aلبنان |
| 650 | 0 | 4 | _aالسياسة الاقتصادية |
| 942 |
_2ddc _cBK |
||
| 999 |
_c34818 _d34818 |
||